Puzzles to puzzle you (Record no. 167312)
[ view plain ]
| 000 -LEADER | |
|---|---|
| fixed length control field | 00380nam a2200157Ia 4500 |
| 008 - FIXED-LENGTH DATA ELEMENTS--GENERAL INFORMATION | |
| fixed length control field | 231217s9999 xx 000 0 und d |
| 041 ## - LANGUAGE CODE | |
| Language code of text/sound track or separate title | English |
| 082 ## - DEWEY DECIMAL CLASSIFICATION NUMBER | |
| Classification number | 793.73 SHA1;1 `R1' |
| 100 ## - MAIN ENTRY--PERSONAL NAME | |
| Personal name | Shakuntala Devi |
| 245 #0 - TITLE STATEMENT | |
| Title | Puzzles to puzzle you |
| 250 ## - EDITION STATEMENT | |
| Edition statement | 2nd ed. |
| 260 ## - PUBLICATION, DISTRIBUTION, ETC. | |
| Date of publication, distribution, etc. | 1976 |
| Name of publisher, distributor, etc. | New Delhi : Orient Paperbacks, |
| 300 ## - PHYSICAL DESCRIPTION | |
| Extent | 144 |
| 650 ## - SUBJECT ADDED ENTRY--TOPICAL TERM | |
| Topical term or geographic name entry element | Puzzle |
| 942 ## - ADDED ENTRY ELEMENTS (KOHA) | |
| Koha item type | Books |
| Date last seen | Total checkouts | Full call number | Accession number | Cost, total (INR) price | Price effective from | Category | Public note | Lost status | Damaged status | Department | Withdrawn status | Home library | Current library | Shelving location | Entry date | Vendor | Cost, normal purchase price | Grants | Billnumber | Billdate | Currency symbol | Conversion rate | Discount | Old discount |
|---|---|---|---|---|---|---|---|---|---|---|---|---|---|---|---|---|---|---|---|---|---|---|---|---|
| 26/01/2024 | 793.73 SHA1;1 `R1' | 16183 | 42.50 | 26/01/2024 | Books | Missing 2015 | Central Library | Central Library | Central Library | Central Library | 21/09/2000 | Vinayaka | 50.00 | GEN | 1165 | 17/04/2015 | RS | 1 | 7.5 | 15 | ||||
| 26/01/2024 | 793.73 SHA1;2 | 16184 | 42.50 | 26/01/2024 | Books | Missing 2020 | Central Library | Central Library | Central Library | Central Library | 21/09/2000 | Vinayaka | 50.00 | GEN | 1165 | 17/04/2015 | RS | 1 | 7.5 | 15 | ||||
| 26/01/2024 | 793.73 SHA1;3 | 16185 | 42.50 | 26/01/2024 | Books | Central Library | Central Library | Central Library | 21/09/2000 | Vinayaka | 50.00 | GEN | 1165 | 10/09/2003 | RS | 1 | 7.5 | 15 | ||||||
| 26/01/2024 | 793.73 SHA;6 | 21229 | 42.50 | 26/01/2024 | Books | Central Library | Central Library | Central Library | Central Library | 02/12/2002 | Sapna Book House | 50.00 | GEN | 14680 | 22/12/2004 | RS | 1 | 7.5 | 15 | |||||
| 26/01/2024 | 793.73 SHA;7 | 21230 | 42.50 | 26/01/2024 | Books | Central Library | Central Library | Central Library | Central Library | 02/12/2002 | Sapna Book House | 50.00 | GEN | 14680 | 22/12/2004 | RS | 1 | 7.5 | 15 |
